Malé firmy a význam marketingovej komunikácie

Význam reklamy, public relations, osobného predaja alebo podpory predaja pre rozhodovanie spotrebiteľa o kúpe v čase hospodárskej krízy. Precízne pripravená a dobre realizovaná marketingová komunikácia môže v mnohých prípadoch "zachrániť život" malých firiem na trhu.

Na minha lista:
Detalhes bibliográficos
Autor principal: Gajdová, Denisa, 1977-
Outros Autores: Špilová, Martina
Formato: Capítulo de Livro
Idioma:eslovaco
Assuntos:
Tags: Adicionar Tag
Sem tags, seja o primeiro a adicionar uma tag!

MARC

LEADER 00000naa$a2200000$$$4500
001 0105553
005 20240502072153.2
041 0 |a slo 
044 |a SK 
245 1 0 |a Malé firmy a význam marketingovej komunikácie  |c Denisa Gajdová, Martina Špilová 
520 |a Význam reklamy, public relations, osobného predaja alebo podpory predaja pre rozhodovanie spotrebiteľa o kúpe v čase hospodárskej krízy. Precízne pripravená a dobre realizovaná marketingová komunikácia môže v mnohých prípadoch "zachrániť život" malých firiem na trhu. 
610 2 0 |a podnik malý 
610 2 0 |a obchod 
610 2 0 |a komunikácia marketingová 
100 1 |a Gajdová, Denisa, 1977- 
700 1 |a Špilová, Martina